01544nab a22002777a 4500999001500000003000400015005001700019008004100036040000700077100003200084245022300116260007300339300001200412500004500424505035300469505009000822650003900912650004400951650002000995650003501015650002301050653002301073653001801096773013901114942001301253 c5379d5379OSt20250306130810.0190603e xxum|||| |||| 00| 0 spa d cPJ 96408aAmormino, Felipe Juan10aPanorama del régimen patrimonial matrimonial en derecho internacional privado y el enorme impacto de su parte general. La ultraactividad de las normas de conflicto, de las leyes 2393 y 23.515 /cFelipe Juan Amormino. cCiudad Autónoma de Buenos Aires :aThomson Reuters La Ley, b2024. ap. 5-24 aCita Online: TR LALEY AR/DOC/1727/2024.  aSumario: I. Introducción.— II. Regímenes posibles en el derecho internacional privado comparado.— III. Fuentes del derecho internacional privado patrimonial matrimonial en el derecho argentino.— IV. Tratados de Montevideo.— V. Fuente interna.— VI. Impacto de la parte general del derecho internacional privado.— VII. Conclusiones.  t¿Te interesa el texto completo? Solicitalo al correo: koha@justierradelfuego.gov.ar  09327aDERECHO INTERNACIONAL PRIVADO 09723aREGIMEN PATRIMONIAL DEL MATRIMONIO 09962aMATRIMONIO 091497aCODIGO CIVIL Y COMERCIAL 09716aORDEN PUBLICO aFORMA DEL CONTRATO aFORMA ESCRITA0 0271393170dCiudad Autónoma de Buenos Aires : Thomson Reuters La Ley, 2015-tRevista Código Civil y Comercial. Nº 4 - Agosto 2024 2udccANA